US states starting with "M" - Statistics

General Stats
  • This quiz has been taken 14 times
  • The average score is 7 of 8
Answer Stats
Answer % Correct
Maine
93%
Michigan
86%
Mississippi
86%
Montana
86%
Minnesota
79%
Missouri
79%
Maryland
71%
Massachusetts
71%
No matching quizzes found
Score Distribution
Percent of People with Each Score
Percentile by Number Answered
Your Score History
You have not taken this quiz